Statistics for Country by foods Picture quiz

Click here to take the quiz!

General Stats

  • This quiz has been taken 246 times
    (115 since last reset)
  • The average score is 9 of 15

Answer Stats

Answer % Correct
Japan (Sushi)
100%
France (Crossiant)
95%
Mexico (Taco)
86%
Italy (Tiramisu)
83%
Germany (Pretzel)
83%
United kingdom < /b> (Shepherd's Pie)
80%
USA < /b> (Egg Benedict)
73%
Turkey < /b> (Turkish Delight)
69%
India (Idli)
67%
Korea (Kimchi)
46%
Australia / New Zealand (Pavlova)
46%
Brazil (Brigadeiro)
26%
Egypt (Falafel)
23%
Indonesia Rendang
17%
Nigeria / Ghana < /b> (Peanut Soup With Fufu)
10%

Score Distribution

Percentile by Number Answered

Percent of People with Each Score

Your Score History

You have not taken this quiz since the last reset